[Event "Sparkassen Open A"]
[Site "Dortmund GER"]
[Date "2010.07.25"]
[Round "9"]
[White "Richter,Gera"]
[Black "Barskij,A"]
[Result "1-0"]
[WhiteElo "2119"]
[BlackElo "2000"]
[EventDate "2010.07.17"]

1. d4 d5 2. c4 c6 3. Nf3 Nf6 4. Nc3 e6 5. Bg5 Nbd7 6. e3 Qa5 7. Nd2 Bb4 8.
Qc2 Ne4 9. Ndxe4 dxe4 10. Bh4 O-O 11. Be2 c5 12. O-O Bxc3 13. bxc3 f5 14.
f3 exf3 15. gxf3 Qc7 16. e4 Qf4 17. Bg3 Qg5 18. f4 Qg6 19. e5 b6 20. Bf3
Rb8 21. Qa4 a6 22. Rab1 Rd8 23. Kh1 Qf7 24. Bh4 Re8 25. Bc6 Bb7 26. d5 Bxc6
27. Qxc6 Rbc8 28. Qd6 b5 29. cxb5 exd5 30. bxa6 Re6 31. Qxd5 Rxa6 32. c4
Nb6 33. e6 Qc7 34. Rxb6 Rxb6 35. e7+ Kh8 36. Rd1 Re8 37. Qxf5 Qc6+ 38. Qd5
h6 39. f5 Kh7 40. Re1 Qxd5+ 41. cxd5 Rd6 42. Rd1 Kg8 43. Bg3 Rd7 44. Bh4
Rdxe7 45. Bxe7 Rxe7 46. d6 Rd7 47. Kg2 Kf7 48. Kf3 Kf6 49. Ke4 c4 50. Kd5
Kf7 51. Re1 1-0

[Event "Sparkassen Open A"]
[Site "Dortmund GER"]
[Date "2010.07.25"]
[Round "9"]
[White "Strathoff,J"]
[Black "Wickenfeld,S"]
[Result "1-0"]
[WhiteElo "2080"]
[BlackElo "1974"]
[EventDate "2010.07.17"]

1. e4 d5 2. exd5 Nf6 3. d4 Nxd5 4. c4 Nb6 5. Nc3 e5 6. d5 c6 7. Be3 Bb4 8.
Qb3 Na6 9. O-O-O Qc7 10. a3 Bc5 11. Bxc5 Nxc5 12. Qc2 cxd5 13. b4 Ne6 14.
c5 Nd7 15. Nb5 Qd8 16. Nd6+ Kf8 17. Rxd5 Nd4 18. Qc4 Qf6 19. Ne2 Nxe2+ 20.
Bxe2 g6 21. Nxc8 Rxc8 22. Rxd7 b6 23. Rhd1 bxc5 24. b5 a6 25. R1d6 Qxf2 26.
Bf3 Kg7 27. Qxf7+ Kh6 28. Qg7+ Kg5 29. Qxe5+ Kh6 30. Qf4+ 1-0

[Event "Sparkassen Open A"]
[Site "Dortmund GER"]
[Date "2010.07.25"]
[Round "9"]
[White "Fichtner,E"]
[Black "Schuelke,T"]
[Result "0-1"]
[WhiteElo "1972"]
[BlackElo "2053"]
[EventDate "2010.07.17"]

1. d4 g6 2. Bf4 Bg7 3. e3 d6 4. Nf3 Nf6 5. Be2 O-O 6. h3 a6 7. O-O Nfd7 8.
c4 Nc6 9. Nc3 h6 10. Rc1 e5 11. Bh2 f5 12. Nd5 Ne7 13. dxe5 dxe5 14. Qc2 c6
15. Nc3 g5 16. Rcd1 Qe8 17. Rd6 Ng6 18. Rfd1 e4 19. Nd4 Nf6 20. c5 Ne5 21.
Qb3+ Nf7 22. Bc4 Kh7 23. Bxf7 Rxf7 24. Ne6 Bxe6 25. Rxe6 Qg8 26. Red6 Re8
27. Re6 Nd7 28. Bd6 Bxc3 29. Rxe8 Qxe8 30. Qxc3 Nf6 31. Qe5 Qxe5 32. Bxe5
Nd5 33. Rd4 Kg6 34. b4 Rd7 35. Kf1 Kf7 36. Ke1 h5 37. Kd2 Ke6 38. Bd6 b5
39. Kc2 Ra7 40. Kb3 a5 41. bxa5 Rxa5 42. a3 h4 43. Bf8 Ra8 44. Bd6 Kf7 45.
Rd1 Kf6 46. Rd4 Ke6 47. Rd1 Ra4 48. Rc1 f4 49. Rd1 Rc4 50. exf4 Nxf4 51. g3
hxg3 52. fxg3 Nxh3 53. Rf1 Kd5 54. Be7 e3 55. Rh1 g4 56. Bf6 Ke4 57. Bc3
Rxc5 58. Re1 Rd5 59. Kc2 Nf2 60. Ba5 c5 61. Bc3 Kf3 62. Rg1 e2 63. Rb1 Kxg3
64. Rxb5 Rd1 65. Rxc5 e1=Q 66. Bxe1 Rxe1 67. Rc3+ Kh2 68. Kd2 Re4 69. a4 g3
70. Rf3 g2 71. Rxf2 Kh1 72. Rf5 Rh4 73. Rg5 g1=Q 74. Rxg1+ Kxg1 75. a5 Ra4
76. Kd3 Rxa5 0-1

[Event "Sparkassen Open A"]
[Site "Dortmund GER"]
[Date "2010.07.25"]
[Round "9"]
[White "Carrasco,Pau"]
[Black "Hecht,C"]
[Result "1-0"]
[WhiteElo "2038"]
[BlackElo "1773"]
[EventDate "2010.07.17"]

1. Nf3 Nf6 2. d4 g6 3. c4 Bg7 4. Nc3 O-O 5. g3 d6 6. Bg2 Nc6 7. O-O e5 8.
dxe5 dxe5 9. e4 Be6 10. Qa4 Qd3 11. Nd5 Rac8 12. Ne1 Qd4 13. Be3 Qxb2 14.
Nc2 Bxd5 15. cxd5 b5 16. Qb3 Qxb3 17. axb3 Nb8 18. Rxa7 Rfd8 19. Bh3 Nbd7
20. Nb4 Bf8 21. Nc6 Re8 22. Rfa1 h6 23. b4 Kg7 24. R1a5 Bd6 25. f3 g5 26.
Bf5 Rh8 27. Rxb5 Ra8 28. Rba5 Rxa7 29. Rxa7 Nb8 30. b5 Nbd7 31. Kf2 Nb6 32.
Ke2 Nfd7 33. Bxd7 Nxd7 34. Kd3 Kf6 35. Ra6 Kg7 36. Kc4 f6 37. b6 Nxb6+ 38.
Bxb6 cxb6 39. Rxb6 Ra8 40. Rb7+ Kf8 41. Rd7 Ba3 42. Rh7 Kg8 43. Ra7 Rxa7
44. Nxa7 Kf7 45. Kb5 Ke7 46. Kc6 Bb4 47. Nb5 Kd8 48. d6 Kc8 49. Nc7 Ba5 50.
Ne6 1-0

[Event "Sparkassen Open A"]
[Site "Dortmund GER"]
[Date "2010.07.25"]
[Round "9"]
[White "Beer,M"]
[Black "Bauschmann,C"]
[Result "0-1"]
[WhiteElo "2024"]
[BlackElo "1871"]
[EventDate "2010.07.17"]

1. e4 c5 2. Nf3 Nc6 3. d4 cxd4 4. Nxd4 e5 5. Nb5 d6 6. N1c3 a6 7. Na3 b5 8.
Nd5 Nce7 9. Bg5 h6 10. Bxb5+ axb5 11. Nxb5 Ra7 12. Nxa7 hxg5 13. Nxc8 Qxc8
14. c3 Nxd5 15. Qa4+ Ke7 16. exd5 Qc5 17. Qc6 Rh4 18. Qxc5 dxc5 19. O-O Nf6
20. Rfd1 Ra4 21. b3 Ra3 22. c4 Kd7 23. Kf1 Bd6 24. Rd3 Ng8 25. Rh3 Nh6 26.
Ke2 e4 27. b4 Rxh3 28. gxh3 cxb4 29. Ke3 f5 30. Kd4 Nf7 31. Rb1 Ne5 32. a4
bxa3 33. Rb7+ Kc8 34. Ra7 Nf3+ 35. Kc3 Bc5 36. Ra5 Bxf2 37. Rxa3 e3 38. Kd3
Ne5+ 39. Ke2 f4 40. c5 f3+ 41. Kf1 Nc4 0-1

[Event "Sparkassen Open A"]
[Site "Dortmund GER"]
[Date "2010.07.25"]
[Round "9"]
[White "Virnyi,J"]
[Black "Gaul,A"]
[Result "1/2-1/2"]
[WhiteElo "2099"]
[BlackElo "1852"]
[EventDate "2010.07.17"]

1. d4 Nf6 2. c4 e6 3. Nf3 c5 4. e3 d5 5. Bd3 Nc6 6. O-O cxd4 7. exd4 dxc4
8. Bxc4 Bd6 9. Nc3 O-O 10. Bg5 Be7 11. Rc1 Nd5 12. Bxe7 Ncxe7 13. Qd2 b6
14. Rfe1 Bb7 15. Ne5 Rc8 16. Bd3 Nf6 17. Bb1 Nc6 18. Rcd1 Nxe5 19. dxe5
Qxd2 20. Rxd2 Nd5 21. Ne4 Nf4 22. Nd6 Rcd8 23. f3 Bd5 24. Rd4 Ng6 25. Bxg6
hxg6 26. f4 Rd7 27. a3 Rfd8 28. Rc1 Kf8 29. Rd3 Kg8 30. h4 Re7 31. Rdc3
Rdd7 32. Rc8+ Kh7 33. Rf8 Rc7 34. Rxc7 Rxc7 35. Nxf7 g5 36. h5 g6 37. h6
Rxf7 38. Rxf7+ Kxh6 39. g3 gxf4 40. gxf4 a5 41. Ra7 Bc4 42. Kf2 g5 43.
fxg5+ Kxg5 44. Ke3 Kf5 45. Kd4 Be2 46. Rf7+ Kg5 47. Rf6 Bg4 48. Kc4 Be2+
49. Kb3 Bd1+ 50. Kc3 Bg4 51. b4 axb4+ 52. Kxb4 Bf5 53. Kb5 Kf4 54. Kxb6
Kxe5 55. Rf7 Bc2 56. Rf2 Bb3 57. Kb5 Kd4 58. a4 e5 59. a5 e4 60. Rb2 Bc4+
1/2-1/2

[Event "Sparkassen Open A"]
[Site "Dortmund GER"]
[Date "2010.07.25"]
[Round "9"]
[White "Pilat,F"]
[Black "Zimmermann,Dir"]
[Result "1/2-1/2"]
[WhiteElo "1944"]
[BlackElo "2085"]
[EventDate "2010.07.17"]

1. d4 Nf6 2. Nf3 g6 3. g3 Bg7 4. Bg2 d5 5. O-O O-O 6. b3 c5 7. e3 cxd4 8.
exd4 Ne4 9. Bb2 Nc6 10. Re1 Bf5 1/2-1/2

[Event "Sparkassen Open A"]
[Site "Dortmund GER"]
[Date "2010.07.25"]
[Round "9"]
[White "Tran,D"]
[Black "Glahn,Michael"]
[Result "1-0"]
[WhiteElo "1958"]
[BlackElo "1826"]
[EventDate "2010.07.17"]

1. d4 Nf6 2. Nf3 e6 3. e3 b6 4. Bd3 Bb7 5. O-O c5 6. c4 d6 7. Nc3 Nbd7 8.
Re1 Be7 9. e4 cxd4 10. Nxd4 O-O 11. Be3 Nc5 12. f3 a6 13. Bf1 Qc7 14. Rc1
Rac8 15. Qd2 Rfd8 16. Red1 Qb8 17. Qf2 d5 18. b4 Ncd7 19. cxd5 exd5 20.
Nxd5 Nxd5 21. exd5 Bxb4 22. Nc6 Bxc6 23. dxc6 Nc5 24. Qh4 Rxd1 25. Rxd1 Bc3
26. Bxc5 bxc5 27. Rd7 Bd4+ 28. Kh1 Bf6 29. Qe4 Re8 30. c7 Qc8 31. Qd5 c4
32. Qxf7+ Kh8 33. g4 c3 34. Bd3 c2 35. Bxc2 Re1+ 36. Kg2 Re2+ 37. Kh3 Re8
38. Qh5 1-0

[Event "Sparkassen Open A"]
[Site "Dortmund GER"]
[Date "2010.07.25"]
[Round "9"]
[White "Pedersen,LarsW"]
[Black "Lauche,Christoph"]
[Result "0-1"]
[WhiteElo "1850"]
[BlackElo "1918"]
[EventDate "2010.07.17"]

1. e4 c5 2. Nf3 e6 3. d4 cxd4 4. Nxd4 Bc5 5. Be3 Qb6 6. Nc3 Nc6 7. Na4 Qa5+
8. c3 Bxd4 9. Bxd4 Nxd4 10. Qxd4 e5 11. Qd1 Nf6 12. Bd3 O-O 13. O-O d5 14.
b4 Qd8 15. exd5 Qxd5 16. Qe2 e4 17. Bc4 Qg5 18. f4 Qg6 19. Nc5 b6 20. Nb3
Bb7 21. Qe3 Ng4 22. Qg3 Nf6 23. Qxg6 hxg6 24. Be2 Nd5 25. c4 Nxb4 26. a3
Nc2 27. Ra2 Ne3 28. Re1 Rac8 29. Nd2 Rfe8 30. Kf2 Nf5 31. Kg1 Nd4 32. Bd1
e3 33. Nb3 Rxc4 34. Be2 Nxe2+ 35. Raxe2 Rc3 36. Nd4 Rxa3 37. Nb5 Ra4 38. g3
Ba6 39. Nc7 Bxe2 40. Nxe8 Ra2 41. Nc7 Rd2 42. Nd5 Rxd5 43. Rxe2 Rd1+ 44.
Kg2 Rd2 45. Kf3 Rxe2 46. Kxe2 a5 47. Kxe3 a4 48. Kd4 a3 49. Kc3 b5 50. Kb3
b4 51. Kxb4 a2 0-1

[Event "Sparkassen Open A"]
[Site "Dortmund GER"]
[Date "2010.07.25"]
[Round "9"]
[White "Butschek,M"]
[Black "Deinert,W"]
[Result "1/2-1/2"]
[WhiteElo "1891"]
[BlackElo "1844"]
[EventDate "2010.07.17"]

1. e4 e6 2. d4 d5 3. exd5 exd5 4. Nf3 Bd6 5. c4 c6 6. Nc3 Nf6 7. Be3 O-O 8.
Bd3 Re8 9. O-O dxc4 10. Bxc4 Qc7 11. Rc1 a6 12. h3 Bf5 13. Re1 Nbd7 14. Qb3
Nf8 15. Bg5 Ne4 16. Nxe4 Rxe4 17. Rxe4 Bxe4 18. Re1 Bxf3 19. Qxf3 b5 20.
Bb3 Ng6 21. Rc1 Re8 22. g3 c5 23. dxc5 Be5 24. Re1 Rf8 25. Qd5 Bxg3 26.
fxg3 Qxg3+ 27. Kf1 Qxh3+ 28. Ke2 h6 29. Be3 Qh2+ 30. Kd1 Qxb2 31. Rf1 Ne5
32. Rf2 Qb1+ 33. Ke2 Qb2+ 34. Qd2 Qb1 35. Qd5 Qb2+ 36. Qd2 Qb1 37. Qc2 Qh1
38. Qc3 Qh5+ 39. Kf1 Qh1+ 40. Ke2 Qh5+ 41. Ke1 Rd8 42. Bd4 Qh1+ 43. Ke2
Qe4+ 44. Be3 Qg4+ 45. Kf1 Qh3+ 46. Rg2 Qf5+ 47. Bf2 Qb1+ 48. Qe1 Qd3+ 49.
Qe2 Qb1+ 50. Be1 Qf5+ 51. Qf2 1/2-1/2